00260 a2200121 4500001000700000020000600007040001100013100000600024240004700030245004200077362000900119440001000128158716 a  cMagnum a-10aAventura na ciencia/forca e movimentolpor10aAventura na ciencia/forca e movimento0 a1899 1aGlobo